| 000 | 00689cam a2200253 4500 | ||
|---|---|---|---|
| 001 | ABS61875 | ||
| 008 | 000000n2000 000 0 eng u | ||
| 035 | _a(Sirsi) u104621 | ||
| 100 | _aFordham, P. | ||
| 245 | _aCost update | ||
| 260 | _c2000 | ||
| 490 |
_aBuilding _v(9) 3 March 2000 65-67(3) |
||
| 520 | _aQuarterly analysis of materials prices focussing on insulation, labour rates and works packages. | ||
| 590 | _aABS | ||
| 650 | _aINSULATION | ||
| 650 | _aCOSTS | ||
| 650 | _aLABOUR RATES | ||
| 650 | _aBUILT ENVIRONMENT | ||
| 650 | _aBUILT ENVIRONMENT | ||
| 650 | _aTENDERING | ||
| 650 | _aELECTRICAL | ||
| 690 | _aBUILT ENVIRONMENT-BUILDING COSTS | ||
| 942 | _n0 | ||
| 999 |
_c62773 _d62773 |
||